Statistics for Hunger Games Districts by Character

Click here to take the quiz!

General Stats

  • This quiz has been taken 151 times
  • The average score is 19 of 20

Answer Stats

HintAnswer% Correct
KatnissDistrict 12
99%
MagsDistrict 4
99%
RueDistrict 11
98%
MarvelDistrict 1
97%
ThreshDistrict 11
97%
FinnickDistrict 4
97%
HaymitchDistrict 12
96%
CoinDistrict 13
96%
FoxfaceDistrict 5
96%
CashmereDistrict 1
95%
Greasy SaeDistrict 12
95%
PrimDistrict 12
94%
BeeteeDistrict 3
94%
DaltonDistrict 10
93%
Boggsdistrict 13
93%
LymeDistrict 2
93%
BrutusDistrict 2
93%
AnnieDistrict 4
93%
JohannaDistrict 7
93%
WoofDistrict 8
93%

Score Distribution

Percentile by Number Answered

Percent of People with Each Score

Your Score History

You have not taken this quiz